000 00616cam a2200217 4500500
005 20260329004239.0
041 _afre
042 _adc
100 1 0 _aNathan, Tobie
_eauthor
245 0 0 _aBarbe de hipster. Le poil à gratter de la virilité
260 _c2019.
500 _a60
690 _aBarbe
690 _aGenre
690 _aHipster
690 _aMasculin
690 _aPoil
690 _aVirilité
786 0 _nPhilosophie magazine | 127 | 3 | 2019-03-01 | p. 6-6 | 1951-1787
856 4 1 _uhttps://shs.cairn.info/magazine-philosophie-magazine-2019-3-page-6?lang=fr&redirect-ssocas=7080
999 _c1832115
_d1832115